[Event "Prague Golden U20 op 17th"]
[Site "Prague"]
[Date "2022.06.25"]
[Round "4"]
[White "Katasonova, Olga"]
[Black "Hampl, Nikola"]
[Result "0-1"]
[WhiteElo "1189"]
[BlackElo "1277"]
[PlyCount "90"]
[EventDate "2022.06.25"]
[EventType "swiss"]
[EventRounds "7"]
[EventCountry "CZE"]
[SourceTitle "EXT 2023"]
[Source "ChessBase"]
[SourceDate "2022.10.05"]
[SourceVersion "1"]
[SourceVersionDate "2022.10.05"]
[SourceQuality "1"]

1. e4 c5 2. d4 cxd4 3. c3 d3 4. Bxd3 d6 5. Nf3 Nc6 6. Bf4 Nf6 7. Nbd2 e5 8. Be3 Be7 9. Bc4 0-0 10. h3 Be6 11. Bb3 Qd7 12. 0-0 h6 13. Qe2 Na5 14. Qd3 Nxb3 15. axb3 a6 16. Rfd1 Nh5 17. Nc4 Bxc4 18. bxc4 Qc6 19. Ra5 Rac8 20. b4 Qxc4 21. Qxc4 Rxc4 22. Rc1 Rfc8 23. Ra3 Nf6 24. Nd2 Rxb4 25. cxb4 Rxc1+ 26. Nf1 Rb1 27. Ra4 Nxe4 28. f3 Ng3 29. Bd2 Nxf1 30. Bc3 Ne3+ 31. Kh2 Rb3 32. Bd2 d5 33. Ra5 Bxb4 34. Bxb4 Rxb4 35. Rc5 Rc4 36. Rxc4 Nxc4 37. Kg1 a5 38. Kf2 a4 39. Ke2 a3 40. Kd3 a2 41. f4 a1Q 42. f5 e4+ 43. Ke2 Qc3 44. f6 Qe3+ 45. Kd1 Qd2# 0-1

[Event "Prague Golden U20 op 17th"]
[Site "Prague"]
[Date "2022.06.25"]
[Round "7"]
[White "Svoboda, Daniel"]
[Black "Hampl, Nikola"]
[Result "1/2-1/2"]
[WhiteElo "1436"]
[BlackElo "1277"]
[PlyCount "116"]
[EventDate "2022.06.25"]
[EventType "swiss"]
[EventRounds "7"]
[EventCountry "CZE"]
[SourceTitle "EXT 2023"]
[Source "ChessBase"]
[SourceDate "2022.10.05"]
[SourceVersion "1"]
[SourceVersionDate "2022.10.05"]
[SourceQuality "1"]

1. e4 c5 2. c3 d6 3. d4 cxd4 4. cxd4 Nc6 5. Nc3 e5 6. dxe5 dxe5 7. Qxd8+ Nxd8 8. Nf3 Nc6 9. Nb5 Bb4+ 10. Bd2 Bxd2+ 11. Kxd2 Kd8 12. Rd1 Bd7 13. Bc4 Nf6 14. Nd6 Ke7 15. Ke2 Be6 16. Bxe6 fxe6 17. Nc4 Nxe4 18. Ncxe5 Nxe5 19. Nxe5 Rad8 20. f3 Nf6 21. Rc1 Nd5 22. Rc4 Rhf8 23. g3 Rf5 24. f4 g5 25. Nd3 gxf4 26. Nxf4 Re5+ 27. Kf3 Re3+ 28. Kg4 Rg8+ 29. Kh3 Nxf4+ 30. Rxf4 Re2 31. Rb4 b6 32. Rc1 Rd8 33. Rc7+ Rd7 34. Rxd7+ Kxd7 35. Rb3 Rd2 36. Rb4 Kd6 37. Rb3 e5 38. Ra3 Rxb2 39. Rxa7 e4 40. Rxh7 Rxa2 41. Kg4 Rf2 42. Rh8 e3 43. Re8 e2 44. h4 Kd7 45. Re3 b5 46. h5 b4 47. h6 Rf8 48. Rxe2 Rh8 49. Kh5 b3 50. Rb2 Ke6 51. g4 Rb8 52. g5 Kf7 53. g6+ Kg8 54. Kg4 Rb6 55. Kg5 Rb5+ 56. Kf6 Rb6+ 57. Kg5 Rb5+ 58. Kf6 Rb6+ 1/2-1/2

[Event "CZE-ch U16"]
[Site "Herlikovice"]
[Date "2021.10.29"]
[Round "8"]
[White "Hampl, Nikola"]
[Black "Trasakova, Adela"]
[Result "0-1"]
[WhiteElo "1415"]
[BlackElo "1923"]
[PlyCount "62"]
[EventDate "2021.10.23"]
[EventType "swiss"]
[EventRounds "9"]
[EventCountry "CZE"]
[SourceTitle "EXT 2023"]
[Source "ChessBase"]
[SourceDate "2022.10.05"]
[SourceVersion "1"]
[SourceVersionDate "2022.10.05"]
[SourceQuality "1"]

1. e4 c6 2. d4 d5 3. f3 dxe4 4. fxe4 e5 5. Nf3 Bg4 6. Bc4 Nd7 7. c3 Bh5 8. 0-0 Ngf6 9. Bg5 Bd6 10. Nbd2 Qc7 11. Qe1 0-0-0 12. Qh4 Bg6 13. Bb3 h6 14. Be3 Rhe8 15. Nc4 Nxe4 16. Nxd6+ Nxd6 17. dxe5 Nxe5 18. Nxe5 Rxe5 19. Bd4 Re4 20. Qf2 Rde8 21. Bxg7 Nf5 22. Bf6 Qd6 23. Bxf7 Re2 24. Qf4 Qxf4 25. Rxf4 Bxf7 26. Rxf5 Rxb2 27. Rf2 Ree2 28. Bd4 Rxf2 29. Bxf2 Bd5 30. Re1 Rxa2 31. h3 a5 0-1

[Event "CZE-ch U16"]
[Site "Herlikovice"]
[Date "2021.10.28"]
[Round "6"]
[White "Hampl, Nikola"]
[Black "Papousek, Michal"]
[Result "0-1"]
[WhiteElo "1415"]
[BlackElo "1771"]
[PlyCount "58"]
[EventDate "2021.10.23"]
[EventType "swiss"]
[EventRounds "9"]
[EventCountry "CZE"]
[SourceTitle "EXT 2023"]
[Source "ChessBase"]
[SourceDate "2022.10.05"]
[SourceVersion "1"]
[SourceVersionDate "2022.10.05"]
[SourceQuality "1"]

1. e4 c5 2. Nf3 e6 3. d4 cxd4 4. Nxd4 Nc6 5. Be3 Nf6 6. Nd2 Be7 7. Bb5 0-0 8. 0-0 a6 9. Bd3 d5 10. exd5 Nxd5 11. Nxc6 bxc6 12. Nc4 Nxe3 13. fxe3 Qc7 14. h4 f5 15. Rf3 e5 16. e4 f4 17. Qe1 Bg4 18. Rf1 Rf6 19. g3 Raf8 20. Qf2 Bh3 21. Rfe1 Rg6 22. Qb6 Qxb6+ 23. Nxb6 fxg3 24. Bxa6 Bc5+ 25. Kh1 Bxb6 26. Bc4+ Kh8 27. Rad1 Rf2 28. Re2 Bg2+ 29. Kg1 Rxe2+ 0-1